| 000 | 00532nam a22001817a 4500 | ||
|---|---|---|---|
| 003 | CEME | ||
| 005 | 20210628202804.0 | ||
| 008 | 210118b xxu||||| |||| 00| 0 eng d | ||
| 020 | _a0-7503-0845-1 | ||
| 040 | _c. | ||
| 082 | _a621.366 WOO | ||
| 100 |
_aWood, Roger M _961623 |
||
| 245 | _aLaser induced damage of optical materials | ||
| 260 |
_aNEW YORK _bINSTITUTE OF PHYSICS _c2003 |
||
| 300 | _aIX,241 P | ||
| 650 |
_aLASER BEAMS.OPTICAL MATERILS- DEFECTS.OPTICAL MATERILS-EFFECTS OF RADIATION ON. _961624 |
||
| 942 |
_cBK _2ddc |
||
| 999 |
_c571017 _d571017 |
||